UK First-Level Subdivisions (Europe) - Statistics

General Stats
  • This quiz has been taken 153 times
  • The average score is 7 of 8
Answer Stats
UK Subdivisions % Correct
Wales
99%
Scotland
96%
England
94%
Northern Ireland
92%
Isle of Man
87%
Jersey
74%
Guernsey
72%
Gibraltar
56%
No matching quizzes found
Score Distribution
Percent of People with Each Score
Percentile by Number Answered
Your Score History
You have not taken this quiz